[Event "ROM-ch U14"]
[Site "Calimanesti"]
[Date "2018.04.02"]
[Round "8"]
[White "Musteata, Darius Gabriel Orla"]
[Black "Tablan, Matei Christian"]
[Result "1/2-1/2"]
[WhiteElo "1680"]
[BlackElo "1625"]
[PlyCount "115"]
[EventDate "2018.03.27"]
[EventType "swiss"]
[EventRounds "9"]
[EventCountry "ROU"]
[SourceTitle "CBM 183 Extra"]
[Source "ChessBase"]
[SourceDate "2018.04.19"]
[SourceVersion "1"]
[SourceVersionDate "2018.04.19"]
[SourceQuality "1"]

1. d4 d6 2. Bf4 g6 3. Nf3 Bg7 4. e3 Nf6 5. h3 Nbd7 6. Be2 0-0 7. 0-0 c5 8. c3 b6 9. Nbd2 Bb7 10. a4 Re8 11. Nc4 d5 12. Nce5 e6 13. Bg5 Qc7 14. Bb5 Nxe5 15. Nxe5 Rec8 16. a5 a6 17. Bxf6 Bxf6 18. Nd7 axb5 19. Nxf6+ Kg7 20. axb6 Qxb6 21. Nd7 Rxa1 22. Qxa1 Qd6 23. Nxc5 Bc6 24. Qd1 Ra8 25. Nd3 f6 26. Qb3 Qc7 27. Nb4 Bb7 28. f3 Qd6 29. Qc2 Rc8 30. Qd3 Qb6 31. e4 dxe4 32. fxe4 Rd8 33. Kh1 f5 34. exf5 exf5 35. Qe3 Be4 36. Ra1 Re8 37. Qf4 Qb7 38. Qf2 Qe7 39. d5 Qg5 40. d6 Rd8 41. Ra7+ Kg8 42. d7 Qe7 43. Qd2 Qh4 44. Kg1 Qg3 45. b3 f4 46. Nd5 Bxd5 47. Qxd5+ Kg7 48. Qe5+ Kh6 49. c4 Rf8 50. c5 Rf5 51. Qe2 Rd5 52. c6 Rd3 53. Qg4 Qe3+ 54. Kh2 Qg3+ 55. Kh1 Qe1+ 56. Kh2 Qg3+ 57. Kg1 Qe1+ 58. Kh2 1/2-1/2

[Event "ROM-ch U14"]
[Site "Calimanesti"]
[Date "2018.03.28"]
[Round "2"]
[White "Musteata, Darius Gabriel Orla"]
[Black "Costin, Alexandru"]
[Result "0-1"]
[WhiteElo "1680"]
[BlackElo "1944"]
[PlyCount "114"]
[EventDate "2018.03.27"]
[EventType "swiss"]
[EventRounds "9"]
[EventCountry "ROU"]
[SourceTitle "CBM 183 Extra"]
[Source "ChessBase"]
[SourceDate "2018.04.19"]
[SourceVersion "1"]
[SourceVersionDate "2018.04.19"]
[SourceQuality "1"]

1. d4 d5 2. Bf4 c6 3. Nf3 Qb6 4. Qc1 Bg4 5. Nbd2 Nd7 6. h3 Bh5 7. e3 Ngf6 8. Bd3 e6 9. c4 Be7 10. a3 c5 11. b4 Bxf3 12. bxc5 Bxc5 13. Nxf3 dxc4 14. Qxc4 Bd6 15. Bxd6 Qxd6 16. 0-0 0-0 17. Qb5 Rfc8 18. e4 a6 19. Qg5 h6 20. Qh4 e5 21. Rfe1 Rc3 22. dxe5 Nxe5 23. Nxe5 Qxe5 24. Rad1 Rxa3 25. Re3 Rd8 26. Rg3 b5 27. Kh1 Qc5 28. f4 Qh5 29. Qxh5 Nxh5 30. Rf3 Nxf4 31. Rxf4 Rdxd3 32. Rdf1 Rd7 33. e5 Re7 34. Rd1 Rxe5 35. Rd8+ Kh7 36. Rxf7 Ra1+ 37. Kh2 Ra2 38. Kg3 Rg5+ 39. Kf3 Rgxg2 40. Ra7 b4 41. Rb8 a5 42. Raa8 Rh2 43. Kg4 Rag2+ 44. Kf5 Rg5+ 45. Ke6 Rxh3 46. Kf7 Rf3+ 47. Ke7 Rff5 48. Rh8+ Kg6 49. Ra6+ Rf6 50. Raa8 Rb5 51. Rhd8 b3 52. Rd1 b2 53. Rg1+ Kh7 54. Rb1 Rc6 55. Rd8 Rc1 56. Rd1 Rxd1 57. Rxd1 b1Q 0-1

[Event "ROM-ch U12"]
[Site "Baile Felix"]
[Date "2017.02.08"]
[Round "8"]
[White "Baciu, Daniel"]
[Black "Musteata, Darius Gabriel Orla"]
[Result "1-0"]
[WhiteElo "1407"]
[BlackElo "1547"]
[PlyCount "81"]
[EventDate "2017.02.02"]
[EventType "swiss"]
[EventRounds "9"]
[EventCountry "ROU"]
[SourceTitle "CBM 176 Extra"]
[Source "ChessBase"]
[SourceDate "2017.03.02"]
[SourceVersion "1"]
[SourceVersionDate "2017.03.02"]
[SourceQuality "1"]

1. e4 e6 2. d4 d5 3. Nd2 Nf6 4. e5 Nfd7 5. Bd3 c5 6. c3 Nc6 7. Ne2 cxd4 8. cxd4 f6 9. exf6 Nxf6 10. Nf3 Bd6 11. 0-0 Qc7 12. Bg5 0-0 13. Bh4 Nh5 14. Qc2 h6 15. Bh7+ Kh8 16. Bg6 Rxf3 17. Bxh5 Rf8 18. Bg3 e5 19. dxe5 Bxe5 20. Rad1 Be6 21. Rfe1 Bg8 22. Bf3 Bxg3 23. hxg3 Qb6 24. Nf4 Bh7 25. Qd2 d4 26. Bxc6 Qxc6 27. Qxd4 Rfb8 28. Qd8+ Rxd8 29. Rxd8+ Bg8 30. Ree8 Qc1+ 31. Kh2 Kh7 32. Rxg8 g6 33. Ne6 Qxb2 34. Rg7+ Qxg7 35. Nxg7 Kxg7 36. Rd7+ Kf6 37. Rxb7 a5 38. Rb6+ Kf5 39. Rb5+ Ke4 40. Rxa5 Kd4 41. Ra6 1-0

[Event "ROM-ch U12"]
[Site "Calimanesti Caciulata"]
[Date "2016.04.25"]
[Round "9"]
[White "Boeru, Darius Alexandru"]
[Black "Musteata, Darius Gabriel Orla"]
[Result "0-1"]
[WhiteElo "1586"]
[BlackElo "1447"]
[PlyCount "35"]
[EventDate "2016.04.18"]
[EventType "swiss"]
[EventRounds "9"]
[EventCountry "ROU"]
[SourceTitle "EXT 2017"]
[Source "ChessBase"]
[SourceDate "2016.10.25"]
[SourceVersion "1"]
[SourceVersionDate "2016.10.25"]
[SourceQuality "1"]

1. e4 e6 2. d4 d5 3. exd5 exd5 4. Bf4 Nf6 5. Nf3 Be7 6. Nc3 0-0 7. Nb5 Na6 8. Be2 c6 9. Nc3 Nc7 10. 0-0 Bf5 11. Ne5 Ne6 12. Bg3 Qb6 13. Bd3 Bxd3 14. Qxd3 Qxd4 15. a3 Qxd3 16. cxd3 Nd7 17. Rfe1 Bf6 18. Nxd7 0-1

[Event "ROM-ch U12"]
[Site "Calimanesti Caciulata"]
[Date "2016.04.23"]
[Round "7"]
[White "Antal, Hunor Zoltan"]
[Black "Musteata, Darius Gabriel Orla"]
[Result "1-0"]
[WhiteElo "1717"]
[BlackElo "1447"]
[PlyCount "143"]
[EventDate "2016.04.18"]
[EventType "swiss"]
[EventRounds "9"]
[EventCountry "ROU"]
[SourceTitle "CBM 172 Extra"]
[Source "ChessBase"]
[SourceDate "2016.06.21"]
[SourceVersion "1"]
[SourceVersionDate "2016.06.21"]
[SourceQuality "1"]

1. e4 c5 2. Nf3 e6 3. d4 cxd4 4. Nxd4 Nf6 5. Nc3 d6 6. Bd3 Be7 7. 0-0 0-0 8. Kh1 a6 9. a4 Nbd7 10. f4 b6 11. Be2 Bb7 12. Bf3 Qc7 13. Re1 Rfe8 14. Be3 Bf8 15. Bf2 g6 16. Bg3 Bg7 17. h4 Nc5 18. f5 e5 19. Nb3 Nxb3 20. cxb3 Rad8 21. Rc1 Qb8 22. Bf2 Ba8 23. fxg6 fxg6 24. Nd5 Nxd5 25. exd5 Rf8 26. Rc2 Rc8 27. Rxc8 Rxc8 28. Be4 Rf8 29. Rf1 Rf4 30. Qe2 b5 31. g3 Rf8 32. h5 bxa4 33. bxa4 Qc8 34. Kg2 Qb7 35. hxg6 hxg6 36. Qg4 Qf7 37. Qf3 Qxf3+ 38. Bxf3 Rb8 39. Rb1 Rb4 40. b3 e4 41. Be2 e3 42. Bxe3 Rxb3 43. Rxb3 Bxd5+ 44. Kf2 Bxb3 45. a5 Bc3 46. Bb6 Kf7 47. Bxa6 Bd5 48. Bc8 Bxa5 49. Bxa5 Be4 50. Ke3 d5 51. Bd8 Ke8 52. Bg5 Kf7 53. Kd4 Bf3 54. Bb7 Ke6 55. Bf4 Bg2 56. Bc8+ Kf6 57. Be5+ Ke7 58. Bb7 Ke6 59. Ba6 Be4 60. Bc4 Bf3 61. Bd3 Kf7 62. Kc5 Ke6 63. Bf4 Kf6 64. Kd6 Be4 65. Bxe4 dxe4 66. g4 g5 67. Be3 Kg6 68. Ke6 Kh6 69. Kf5 Kg7 70. Bxg5 Kf7 71. Kxe4 Kg6 72. Kf4 1-0

[Event "ROM-ch U12"]
[Site "Calimanesti Caciulata"]
[Date "2016.04.22"]
[Round "6"]
[White "Musteata, Darius Gabriel Orla"]
[Black "Padurariu, Mihai Edward"]
[Result "1-0"]
[WhiteElo "1447"]
[BlackElo "1878"]
[PlyCount "95"]
[EventDate "2016.04.18"]
[EventType "swiss"]
[EventRounds "9"]
[EventCountry "ROU"]
[SourceTitle "CBM 172 Extra"]
[Source "ChessBase"]
[SourceDate "2016.06.21"]
[SourceVersion "1"]
[SourceVersionDate "2016.06.21"]
[SourceQuality "1"]

1. d4 Nf6 2. Nf3 c5 3. e3 e6 4. Bd3 Nc6 5. c3 Qc7 6. 0-0 d5 7. Nbd2 Bd6 8. dxc5 Bxc5 9. e4 0-0 10. Qe2 Bd6 11. h3 Bd7 12. Re1 dxe4 13. Nxe4 Nxe4 14. Qxe4 f5 15. Qh4 Ne5 16. Nxe5 Bxe5 17. Qb4 Kh8 18. Be3 Bd6 19. Qb3 f4 20. Bd2 f3 21. Be4 Bh2+ 22. Kh1 fxg2+ 23. Kxg2 Bf4 24. Be3 Bc6 25. Qc2 e5 26. Kg1 Bd7 27. Bg2 Rf6 28. Rad1 Bc6 29. Bxf4 exf4 30. Bxc6 Qxc6 31. Qe4 Qb5 32. c4 Qc5 33. Rd5 Qc6 34. Rd4 Raf8 35. Qxc6 Rxc6 36. Re7 Rg6+ 37. Kf1 Rb6 38. b3 Ra6 39. Rdd7 Rxa2 40. Rxg7 Ra1+ 41. Kg2 f3+ 42. Kh2 Rf6 43. Rxh7+ Kg8 44. Rhe7 Kf8 45. Rh7 Kg8 46. Rdg7+ Kf8 47. Rxb7 Kg8 48. Rhd7 1-0

[Event "ROM-ch U12"]
[Site "Calimanesti Caciulata"]
[Date "2016.04.18"]
[Round "1"]
[White "Ilisei, Alexandru Stefan"]
[Black "Musteata, Darius Gabriel Orla"]
[Result "0-1"]
[WhiteElo "1074"]
[BlackElo "1447"]
[PlyCount "82"]
[EventDate "2016.04.18"]
[EventType "swiss"]
[EventRounds "9"]
[EventCountry "ROU"]
[SourceTitle "CBM 172 Extra"]
[Source "ChessBase"]
[SourceDate "2016.06.21"]
[SourceVersion "1"]
[SourceVersionDate "2016.06.21"]
[SourceQuality "1"]

1. e4 c6 2. Nf3 d5 3. exd5 cxd5 4. d4 Nc6 5. Nc3 Nf6 6. Bb5 Bg4 7. h3 Bh5 8. g4 Bg6 9. Ne5 Qc7 10. Bf4 Qc8 11. h4 h6 12. h5 Bh7 13. Qf3 a6 14. Bxc6+ bxc6 15. 0-0-0 Ne4 16. Nxe4 Bxe4 17. Qb3 Bxh1 18. Rxh1 e6 19. Qa4 Bd6 20. Nxc6 Bxf4+ 21. Kb1 Qd7 22. Rh3 a5 23. Rb3 Rc8 24. Rc3 Bd2 25. Rc5 Bb4 26. Ne5 Qxa4 27. Rxc8+ Ke7 28. Rxh8 Qb5 29. a4 Qb7 30. Rh7 Kf6 31. f4 Bc3 32. b3 Bxd4 33. Nd3 Qb8 34. c3 Qxb3+ 35. Kc1 Qxc3+ 36. Kd1 Qxd3+ 37. Kc1 Bc5 38. g5+ Ke7 39. Kb2 Ba3+ 40. Ka1 Qc3+ 41. Ka2 Qb2# 0-1

[Event "ROM-ch U10"]
[Site "Calimanesti"]
[Date "2015.04.01"]
[Round "3"]
[White "Nedelcu, Teodor Cosmin"]
[Black "Musteata, Darius Gabriel Orla"]
[Result "1-0"]
[WhiteElo "1491"]
[BlackElo "1386"]
[PlyCount "65"]
[EventDate "2015.03.30"]
[EventType "swiss"]
[EventRounds "9"]
[EventCountry "ROU"]
[SourceTitle "CBM 165 Extra"]
[Source "ChessBase"]
[SourceDate "2015.04.21"]
[SourceVersion "1"]
[SourceVersionDate "2015.04.21"]
[SourceQuality "1"]

1. d4 d5 2. c4 e6 3. Nf3 f5 4. cxd5 exd5 5. Nc3 c6 6. a3 Nf6 7. Bg5 Be7 8. Bxf6 Bxf6 9. e3 0-0 10. Qc2 Be6 11. Bd3 g6 12. 0-0 Nd7 13. b4 Qe7 14. Na4 f4 15. Rfe1 fxe3 16. Rxe3 Qf7 17. h3 b6 18. Rae1 Rfe8 19. Qxc6 Rac8 20. Qd6 Nf8 21. Qf4 Bd7 22. Rxe8 Bxe8 23. b5 Ne6 24. Qg4 h5 25. Qxe6 Qxe6 26. Rxe6 Bg7 27. Re1 Bd7 28. Ne5 Bf5 29. Bxf5 gxf5 30. Nc6 Rf8 31. Re7 Rf7 32. Rxf7 Kxf7 33. Kf1 1-0

[Event "ROM-ch U10"]
[Site "Calimanesti"]
[Date "2015.03.31"]
[Round "2"]
[White "Musteata, Darius Gabriel Orla"]
[Black "Tampea, Radu"]
[Result "1/2-1/2"]
[WhiteElo "1386"]
[BlackElo "1533"]
[PlyCount "63"]
[EventDate "2015.03.30"]
[EventType "swiss"]
[EventRounds "9"]
[EventCountry "ROU"]
[SourceTitle "CBM 165 Extra"]
[Source "ChessBase"]
[SourceDate "2015.04.21"]
[SourceVersion "1"]
[SourceVersionDate "2015.04.21"]
[SourceQuality "1"]

1. d4 d5 2. Nf3 Nf6 3. e3 c5 4. c3 g6 5. Be2 Bg7 6. Nbd2 0-0 7. 0-0 b6 8. Ne5 Bb7 9. f4 Nbd7 10. Rf2 Nxe5 11. fxe5 Ne4 12. Nxe4 dxe4 13. b4 Qc7 14. bxc5 bxc5 15. Rb1 Rab8 16. Qe1 Bd5 17. Rxb8 Rxb8 18. Bd1 Qa5 19. a3 Bh6 20. Rb2 Rxb2 21. Bxb2 Qb5 22. Bc1 Qb1 23. Bg4 cxd4 24. cxd4 Bc4 25. Qc3 Bd5 26. Kf2 Qa2+ 27. Qb2 Qc4 28. Be2 Qc7 29. Bd2 Qd7 30. Qb5 Bc6 31. Qc5 Bf8 32. Bb4 1/2-1/2

[Event "ROM-ch U10"]
[Site "Calimanesti"]
[Date "2015.03.30"]
[Round "1"]
[White "Ionescu, Luca"]
[Black "Musteata, Darius Gabriel Orla"]
[Result "0-1"]
[WhiteElo "1001"]
[BlackElo "1386"]
[PlyCount "102"]
[EventDate "2015.03.30"]
[EventType "swiss"]
[EventRounds "9"]
[EventCountry "ROU"]
[SourceTitle "CBM 165 Extra"]
[Source "ChessBase"]
[SourceDate "2015.04.21"]
[SourceVersion "1"]
[SourceVersionDate "2015.04.21"]
[SourceQuality "1"]

1. e4 e5 2. Nf3 Nc6 3. Nc3 Nf6 4. d4 exd4 5. Nxd4 d6 6. Nxc6 bxc6 7. Bd3 Be7 8. 0-0 0-0 9. Re1 Re8 10. Qd2 Bd7 11. b3 Bf8 12. Ba3 g6 13. Rad1 Bg7 14. Qe2 Nd5 15. Nxd5 cxd5 16. f3 dxe4 17. fxe4 Bc3 18. Rf1 Bd4+ 19. Kh1 Bc6 20. Rde1 d5 21. Rc1 dxe4 22. Bxe4 Bxe4 23. c3 Bc6 24. Qd1 Bg7 25. Qxd8 Raxd8 26. Rfe1 Rxe1+ 27. Rxe1 Bxc3 28. Rc1 Bb7 29. Kg1 Bd4+ 30. Kf1 Ba6+ 31. Ke1 Be5 32. g3 Re8 33. Rc5 Bd6+ 34. Kd1 Bxc5 35. Bxc5 Re2 36. Bxa7 Rxa2 37. b4 Be2+ 38. Ke1 Rxa7 39. Kxe2 Ra2+ 40. Ke1 Rxh2 41. b5 Rb2 42. g4 Rxb5 43. Kf1 c5 44. Ke1 c4 45. Kd1 c3 46. Kc1 Rc5 47. g5 c2 48. Kb2 c1Q+ 49. Ka2 Rc2+ 50. Kb3 Qb1+ 51. Ka4 Ra2# 0-1